00330 a2200109 4500001001000000005001700010008004100027245005300068100002300121773005900144999001700203ART_5805820260410161815.0260409a 10aSobre la enseñanza del Derecho Constitucional.1 aGusman, Alfredo S.0 tAcademiag- Año 18, N° 37 (ene./jun. 2021)wREV4314 c21863d21863